|
|
|
|
| LEADER |
00000cam a2200000 a 4500 |
| 001 |
vtls001260485 |
| 003 |
SK-MaSNL |
| 005 |
20260301234455.0 |
| 008 |
250312s1971 xo a n 000 0 slo |
| 015 |
|
|
|a SNBA1971
|
| 035 |
|
|
|a SNK000211328
|
| 035 |
|
|
|a urn:nbn:sk:snk-amjuct
|
| 035 |
|
|
|a urn:nbn:sk:snk-am0081cx
|
| 035 |
|
|
|a 028BFFE5-D99E-43C5-8622-BA112235B55F
|
| 040 |
|
|
|a SNK
|b slo
|c SNK
|e AACR2
|
| 041 |
0 |
|
|a slo
|
| 044 |
|
|
|a xo
|c SK
|
| 080 |
|
|
|a 681.142-83:511.1+519.5(042)
|2 1981
|
| 100 |
1 |
|
|a Békésová, Sidónia,
|d 1936-
|4 aut
|9 9045
|
| 245 |
1 |
0 |
|a Experimentálny interakčný konštrukčný systém pre počítač MINSK 22
|c Sidónia Békésová
|
| 260 |
|
|
|a Bratislava
|b Slov. vedeckotechn. spol.
|c 1971
|
| 300 |
|
|
|a 33 s.
|b sch., tab.
|c 4°
|
| 366 |
|
|
|e 135 výt.
|
| 504 |
|
|
|a Bibliogr.
|
| 521 |
|
|
|a Len pre vnútornú potrebu SVTS
|
| 650 |
0 |
7 |
|a samočinné počítače
|2 SNKPH
|9 308242
|
| 655 |
|
7 |
|a prednášky
|2 SNKPH
|9 70554
|
| 852 |
|
|
|a Slovenská národná knižnica
|
| 958 |
|
|
|a OND
|
| 999 |
|
|
|c 970189
|d 972119
|
| 952 |
|
|
|t P60, <03>, [BOOK], {603}
|a SNK
|b SNK
|y PREZ
|7 0
|p 17A0890778
|o snkSB 17481
|i snkKSP 7138/71
|0 0
|1 0
|4 0
|d 2012-07-24
|f 1
|l 0
|r 2025-03-18 00:00:00
|w 2026-02-24
|